Vendiendo agua, vendiendo reformas : Lecciones de la experiencia chilena /

Este artículo resume la experiencia chilena en el manejo de recursos hídricos y su significado para los debates internacionales sobre la crisis mundial del agua. El autor comenta la relación entre el reconocimiento del agua como "bien económico" y los demás aspectos del manejo integrado de recursos...

Descripción completa

Detalles Bibliográficos
Autor principal: Bauer, Carl
Formato: Analitica de revista
Lenguaje:inglés

MARC

LEADER 00000cab a2200000 a 4500
001 024557
003 UAHC_CL
005 20170810105554.0
008 040421b xx j 000 1 eng
952 |0 0  |1 0  |4 0  |6 AMBIENTE_DESARRO_34_03_000000000000000  |7 0  |8 General  |9 49108  |a BC  |b BC  |c General  |d 2017-08-03  |l 0  |o AMBIENTE DESARRO.-3,4/03  |p FICTICIO174  |r 2019-01-08 00:00:00  |t 1  |w 2017-08-03  |y REVA 
999 |c 24557  |d 24557 
040 |a UAHC_CL  |c UAHC_CL  |d UAHC_CL 
100 1 |a Bauer, Carl 
245 1 0 |a Vendiendo agua, vendiendo reformas :  |b Lecciones de la experiencia chilena /  |c Carl Bauer. 
520 |a Este artículo resume la experiencia chilena en el manejo de recursos hídricos y su significado para los debates internacionales sobre la crisis mundial del agua. El autor comenta la relación entre el reconocimiento del agua como "bien económico" y los demás aspectos del manejo integrado de recursos hídricos, los que son el objetivo principal de las reformas de políticas de aguas en muchos países. Se describen los puntos sobresalientes del modelo chileno y el Código de Aguas de 1981, tanto en el debate político interno como en las investigaciones académicas que se han hecho sobre los mercados de aguas. El artículo concluye con algunas lecciones para otros países sobre los beneficios y problemas del modelo chileno, y la necesidad de adoptar un análisis más interdisciplinario del derecho y economía del agua. 
773 0 |t Ambiente y desarrollo.  |w 024556 
900 |a AMBIENTE DESARRO.-3,4/03 
942 |c REVA  |2 ddc